000 00943cam a22002891i 4500
001 6501063
003 EG-ScBUE
005 20260426094158.0
008 711126t1951 nyua f 000 0 eng d
035 _a(OCoLC)175453
040 _aDLC
_beng
_erda
_cOKentU
_dOCoLC
_dDLC
_dEG-ScBUE
082 0 4 _a541.363
_222
_bFIN
100 1 _aFindlay, Alexander,
_d1874-
_eauthor.
_96253
245 1 4 _aThe phase rule :
_band its applications /
_cAlexander Findlay.
250 _aNinth edition.
264 1 _a[New York] :
_bDover Publications,
_c[1951]
264 4 _cc1951
300 _a494 pages :
_billustrations ;
_c22 cm
336 _2rdacontent
_atext
_btxt
337 _aunmediated
_2rdamedia
_bn
338 _avolume
_bnc
_2rdacarrier
650 7 _aPhase rule and equilibrium.
_2BUEsh
_96254
650 7 _aSolution (Chemistry).
_2BUEsh
_96255
650 7 _aChemistry, Physical and theoretical.
_2BUEsh
_96256
655 _vReading book
942 _2ddc
_cBB
999 _c11852
_d11852